000 00520nam a2200193Ia 4500
003 OSt
005 20250526110707.0
008 210210b1981 xxu||||| |||| 00| 0 eng d
040 _cAL
041 _aKannada
082 _aK894.4 PARH
100 _aPARVATI (T C),Ed
_963173
_dಪಾರ್ವತೀ (ಟಿ ಸಿ)
245 _aHalu jenu
_bಹಾಲು ಜೇನು
260 _aBengaluru
_bKarnataka Treding Ejensis
_c1981
300 _a128
690 _aKannada Prose
_963174
906 _a035316
942 _2ddc
_cBK
999 _c86070
_d86070